01324 a2200217 45000010006000000050017000060080041000230030015000640400040000790800066001192450035001852640036002203000025002565050632002810410008009139420007009215900036009281000020009649990015009849520107009996351820260407155933.0260407a1974 arg spa dAR-UNSa-BCEJYS aAR-UNSa-BCEJYSbspacAR-UNSa-BCEJYS a004.42xProgramación de ordenadores. Programas de ordenador10aProcesamiento de información 1aBuenos Aires :bEl Ateneoc1974 axiii, 334 p.c22 cm. a1. El desarrollo histórico del procesamiento de información – 2. La tarjeta perforada y el equipo de registro unitario – 3. Elementos del pensamiento respecto de la solución de problemas: el hombre y la computadora – 4. Representación de datos – 5. Elementos y funciones – 6. El “HARDWARE” – 7. Aritmética binaria y hexadecimal – 8. Lógica y redes de conmutación – 9. Decisiones programadas – 10. Archivos: organización y mantenimiento – 11. Programación – 12. Lenguajes de programación – 13. Tiempo compartido – 14. Sistemas empresariales – 15. Analistas de sistemas –  aspa cBK aniveau_biblio:m niveau_hierar:01 aClark, Frank J. c8203d8203 00104070aBCEJYSbBCEJYSc16d2026-04-07l0o004.42 C592pL13275r2026-04-07 15:59:33w2026-04-07yL